Return on Shares of Steel Companies under the Influence of Mergers and Acquisitions
Uložené v:
| Hlavný autor: | |
|---|---|
| Ďalší autori: | , , , |
| Médium: | Kapitola |
| Jazyk: | English |
| Tagy: |
Žiadne tagy, Buďte prvý, kto otaguje tento záznam!
|
MARC
| LEADER | 00000naa a2200000 4500 | ||
|---|---|---|---|
| 001 | 0308063 | ||
| 005 | 20250414103744.6 | ||
| 041 | 0 | |a eng | |
| 044 | |a HR | ||
| 245 | 1 | 0 | |a Return on Shares of Steel Companies under the Influence of Mergers and Acquisitions |c Jozef Zuzik, Erik Weiss, Roland Weiss, Ladislav Mixtaj, Alexander Király |
| 100 | 1 | |a Zuzik, Jozef, 1985- | |
| 700 | 1 | |a Weiss, Erik, 1979- | |
| 700 | 1 | |a Weiss, Roland, 1984- | |
| 700 | 1 | |a Mixtaj, Ladislav | |
| 700 | 1 | |a Király, Alexander | |